000 01708nam a22002417a 4500
001 9591
003 FISKH
005 20260126081909.0
008 260126b cb ||||| |||| 00| 0 eng d
020 _a9781529099461
040 _aFISKH
_beng
_cFISKH
_dFISKH
050 _aPS3613 .C587545
082 _a813.6
100 _aMcQuiston, Casey
245 _aRed, white & royal blue :
_bTrue love isn't always diplomatic /
_cCasey McQuiston
250 _aThis edition published in 2022
260 _aDublin :
_bMac Millan,
_c2019
300 _a440 pages :
_c20 cm
520 _aWhen his mother became President, Alex Claremont-Diaz was promptly cast as the American equivalent of a young royal. Handsome, charismatic, genius--his image is pure millennial-marketing gold for the White House. There's only one problem: Alex has a beef with an actual prince, Henry, across the pond. And when the tabloids get hold of a photo involving an Alex-Henry altercation, U.S./British relations take a turn for the worse. Heads of family, state, and other handlers devise a plan for damage control: staging a truce between the two rivals. What at first begins as a fake, Instragramable friendship grows deeper, and more dangerous, than either Alex or Henry could have imagined. Soon Alex finds himself hurtling into a secret romance with a surprisingly unstuffy Henry that could derail the campaign and upend two nations and begs the question: Can love save the world after all? Where do we find the courage, and the power, to be the people we are meant to be? And how can we learn to let our true colors shine through?
650 _acontemporary
_vLGBTQ+
_xRomance
_yYung Adult
942 _2ddc
_cBK
_n0
999 _c9591
_d9591